[Event "Scarborough CC Jack Frost"]
[Site "Toronto CAN"]
[Date "2011.02.03"]
[Round "5"]
[White "Bzikot, Robert"]
[Black "Bellissimo, Joseph"]
[Result "1/2-1/2"]
[WhiteElo "2008"]
[BlackElo "1918"]
[PlyCount "68"]
[GameId "2160767909821341"]
[EventDate "2011.01.06"]
[EventType "swiss"]
[EventRounds "7"]
[EventCountry "CAN"]

1. e4 e5 2. Nf3 Nf6 3. Nc3 Nc6 4. Bb5 Nd4 5. Bc4 Nxf3+ 6. Qxf3 Bc5 7. d3 h6 8. Be3 Bb6 9. a4 c6 10. O-O d6 11. Qg3 Nh5 12. Qf3 Nf6 13. Qe2 O-O 14. h3 Bxe3 15. fxe3 Be6 16. d4 exd4 17. exd4 Qb6 18. Qd3 Bxc4 19. Qxc4 Qxb2 20. e5 dxe5 21. dxe5 Qb6+ 22. Kh1 Nh7 23. Ne4 Qc7 24. Nd6 Rad8 25. Rae1 Rxd6 26. exd6 Qxd6 27. Rd1 Qc7 28. Qd4 Nf6 29. Qxa7 Ne4 30. Rf3 c5 31. Rb1 Rd8 32. Rfb3 Qf4 33. Rxb7 Ng3+ 34. Kg1 Ne2+ 1/2-1/2

[Event "Scarborough CC Jack Frost"]
[Site "Toronto CAN"]
[Date "2011.02.03"]
[Round "5"]
[White "Ferreira, Alex"]
[Black "Nasirov, Ilyas"]
[Result "1-0"]
[WhiteElo "2084"]
[BlackElo "2095"]
[PlyCount "73"]
[GameId "2160767909821342"]
[EventDate "2011.01.06"]
[EventType "swiss"]
[EventRounds "7"]
[EventCountry "CAN"]

1. e4 e6 2. d4 d5 3. Nc3 dxe4 4. Nxe4 Nd7 5. Nf3 Ngf6 6. Ng3 Bd6 7. Bd3 b6 8. O-O O-O 9. Re1 Bb7 10. c4 c5 11. d5 Bxg3 12. dxe6 Bxf2+ 13. Kxf2 fxe6 14. Kg1 e5 15. Ng5 Qe7 16. Bf5 g6 17. Bh3 Rfe8 18. Be6+ Kg7 19. Bd5 Nf8 20. Qd2 Bxd5 21. cxd5 Rad8 22. Nf3 Rxd5 23. Qh6+ Kg8 24. Bd2 Qg7 25. Qh4 e4 26. Bc3 g5 27. Qf2 Qg6 28. Nd2 Rf5 29. Qe2 Nd5 30. Qc4 b5 31. Qxb5 Nxc3 32. bxc3 e3 33. Nc4 Qf6 34. Qxe8 e2 35. Qxe2 Qxc3 36. Rad1 Rf4 37. Nd6 1-0

[Event "Scarborough CC Jack Frost"]
[Site "Toronto CAN"]
[Date "2011.02.03"]
[Round "5"]
[White "Hall, John"]
[Black "Wu, Kevin"]
[Result "1/2-1/2"]
[WhiteElo "2226"]
[BlackElo "2011"]
[PlyCount "72"]
[GameId "2160767909821343"]
[EventDate "2011.01.06"]
[EventType "swiss"]
[EventRounds "7"]
[EventCountry "CAN"]

1. e4 c5 2. Nf3 d6 3. Bb5+ Bd7 4. Bxd7+ Nxd7 5. O-O Ngf6 6. Qe2 e6 7. c3 Be7 8. d4 O-O 9. Rd1 cxd4 10. cxd4 Rc8 11. Nc3 Nb6 12. h3 a6 13. Bf4 d5 14. e5 Nfd7 15. Rac1 Nc4 16. b3 Na5 17. Nb1 b5 18. Qd2 Qb6 19. Bg5 Bxg5 20. Qxg5 Nc6 21. Qh4 Rc7 22. Rc3 Nb4 23. a3 Rxc3 24. Nxc3 Qc7 25. axb4 Qxc3 26. Qe7 Qxb3 27. Rc1 Nb6 28. Rc7 h6 29. Rc6 Nc4 30. Rxa6 Qd1+ 31. Kh2 Nd2 32. Nxd2 Qxd2 33. Qc5 Qxf2 34. Ra7 Qf1 35. Kg3 Qd3+ 36. Kh2 Qf1 1/2-1/2

[Event "Scarborough CC Jack Frost"]
[Site "Toronto CAN"]
[Date "2011.02.03"]
[Round "5"]
[White "Lamb, Bryan"]
[Black "Wiebe, Daniel"]
[Result "1/2-1/2"]
[WhiteElo "2156"]
[BlackElo "1926"]
[PlyCount "82"]
[GameId "2160767909821344"]
[EventDate "2011.01.06"]
[EventType "swiss"]
[EventRounds "7"]
[EventCountry "CAN"]

1. c4 Nf6 2. Nc3 g6 3. g3 d5 4. cxd5 Nxd5 5. Bg2 c6 6. Nf3 Bg7 7. d4 O-O 8. O-O Nd7 9. Bd2 N7f6 10. Ne5 Qb6 11. e4 Nxc3 12. bxc3 c5 13. Nc4 Qd8 14. d5 e6 15. Bg5 exd5 16. exd5 h6 17. Bf4 g5 18. Bc1 Ne8 19. Qd3 b5 20. Ne3 c4 21. Qd2 Nd6 22. Rb1 Bb7 23. f4 Qb6 24. Kh1 Rfe8 25. fxg5 Ne4 26. Qc2 Nxc3 27. Nxc4 Qc5 28. Qf5 Bxd5 29. Bxd5 Qxd5+ 30. Qxd5 Nxd5 31. Nd6 Red8 32. Nxf7 Rf8 33. g6 a6 34. Bxh6 Bxh6 35. Nxh6+ Kg7 36. Ng4 Nc3 37. Rxf8 Rxf8 38. Rc1 Nxa2 39. Ra1 Nb4 40. Rb1 a5 41. Ra1 Ra8 1/2-1/2

[Event "Scarborough CC Jack Frost"]
[Site "Toronto CAN"]
[Date "2011.02.03"]
[Round "5"]
[White "Sharpe, Sam"]
[Black "Krupka, David"]
[Result "1/2-1/2"]
[WhiteElo "1943"]
[BlackElo "1981"]
[PlyCount "56"]
[GameId "2160767909821345"]
[EventDate "2011.01.06"]
[EventType "swiss"]
[EventRounds "7"]
[EventCountry "CAN"]

1. c4 Nf6 2. g3 g6 3. Bg2 Bg7 4. Nc3 d6 5. d3 O-O 6. Bg5 h6 7. Bd2 e5 8. e4 Nc6 9. Nge2 Bg4 10. h3 Be6 11. Nd5 Nd7 12. O-O Nc5 13. b4 Nd7 14. Rb1 Ne7 15. f4 f5 16. Be3 c6 17. Nxe7+ Qxe7 18. exf5 gxf5 19. b5 d5 20. bxc6 bxc6 21. fxe5 Nxe5 22. cxd5 Bxd5 23. Bxd5+ cxd5 24. Qd2 Kh7 25. Nd4 Qd7 26. Kg2 Nc6 27. Nxc6 Qxc6 28. Kh2 Rf7 1/2-1/2

[Event "Scarborough CC Jack Frost"]
[Site "Toronto CAN"]
[Date "2011.02.10"]
[Round "6"]
[White "Bao, Stephen"]
[Black "Hall, John"]
[Result "0-1"]
[WhiteElo "1771"]
[BlackElo "2226"]
[PlyCount "46"]
[GameId "2160767909821347"]
[EventDate "2011.01.06"]
[EventType "swiss"]
[EventRounds "7"]
[EventCountry "CAN"]

1. d4 Nf6 2. c4 c5 3. d5 e5 4. Nc3 d6 5. e4 Nbd7 6. g3 Be7 7. Bg2 a6 8. Nge2 O-O 9. O-O b5 10. b3 Rb8 11. Qc2 bxc4 12. bxc4 Nb6 13. Nd1 Bd7 14. Nb2 Ne8 15. Bd2 g6 16. Ba5 Qc8 17. Rab1 Ng7 18. Nc1 f5 19. f3 Bg5 20. Bd2 Bxd2 21. Qxd2 Nxc4 22. Qe2 Nxb2 23. Rxb2 Bb5 0-1

[Event "Scarborough CC Jack Frost"]
[Site "Toronto CAN"]
[Date "2011.02.10"]
[Round "6"]
[White "Bellissimo, Joseph"]
[Black "Sharpe, Sam"]
[Result "1-0"]
[WhiteElo "1918"]
[BlackElo "1943"]
[PlyCount "53"]
[GameId "2160767909821348"]
[EventDate "2011.01.06"]
[EventType "swiss"]
[EventRounds "7"]
[EventCountry "CAN"]

1. e4 e6 2. d4 d5 3. e5 c5 4. c3 Nc6 5. Nf3 Qb6 6. Bd3 Bd7 7. O-O cxd4 8. cxd4 Nxd4 9. Nxd4 Qxd4 10. Nc3 Qxe5 11. Re1 Qb8 12. Nxd5 Bd6 13. h3 Bc6 14. Bc4 Nf6 15. Nxf6+ gxf6 16. Qg4 Bd7 17. Qg7 Ke7 18. Bd5 Qc7 19. Bd2 Rhg8 20. Qh6 Rg6 21. Qh4 Rag8 22. Be4 Rxg2+ 23. Bxg2 Bc6 24. Re4 Ke8 25. Rg4 Bh2+ 26. Kh1 Bxg2+ 27. Kxg2 1-0

[Event "Scarborough CC Jack Frost"]
[Site "Toronto CAN"]
[Date "2011.02.10"]
[Round "6"]
[White "Krupka, David"]
[Black "Al Ganabi, Haqi"]
[Result "1-0"]
[WhiteElo "1981"]
[BlackElo "1972"]
[PlyCount "84"]
[GameId "2160767909821349"]
[EventDate "2011.01.06"]
[EventType "swiss"]
[EventRounds "7"]
[EventCountry "CAN"]

1. d4 Nf6 2. c4 e5 3. dxe5 Ng4 4. Nf3 Nc6 5. e3 Ngxe5 6. Be2 Be7 7. Nc3 O-O 8. O-O Re8 9. Nd5 Bd6 10. Nd4 Nxd4 11. exd4 Ng6 12. g3 c6 13. Ne3 Bf8 14. Bf3 d6 15. Bg2 Be7 16. b3 Bf6 17. Bb2 a5 18. Qd2 Nf8 19. Rae1 a4 20. b4 g6 21. f4 Bg7 22. f5 Bh6 23. fxg6 hxg6 24. Qf2 f5 25. d5 Bd7 26. Ng4 Bg7 27. Bxg7 Kxg7 28. Qd4+ Re5 29. Nxe5 dxe5 30. Rxe5 Kg8 31. Rfe1 Qf6 32. Qe3 Rc8 33. Re7 g5 34. Qe5 Qh6 35. b5 cxb5 36. d6 Bc6 37. Bd5+ Bxd5 38. Qxd5+ Kh8 39. d7 Rd8 40. Re8 Qf6 41. Rxd8 Qxd8 42. Re8 Qb6+ 1-0

[Event "Scarborough CC Jack Frost"]
[Site "Toronto CAN"]
[Date "2011.02.10"]
[Round "6"]
[White "Nasirov, Ilyas"]
[Black "Southam, David"]
[Result "1-0"]
[WhiteElo "2095"]
[BlackElo "2083"]
[PlyCount "81"]
[GameId "2160767909821350"]
[EventDate "2011.01.06"]
[EventType "swiss"]
[EventRounds "7"]
[EventCountry "CAN"]

1. d4 e6 2. c4 f5 3. Nc3 Nf6 4. Nf3 d5 5. g3 c6 6. Bg2 Bd6 7. O-O O-O 8. cxd5 exd5 9. Bg5 Nbd7 10. Qc2 h6 11. Qxf5 Qe8 12. Bxf6 Nxf6 13. Qc2 Qh5 14. Nh4 Ng4 15. Qg6 Qxg6 16. Nxg6 Re8 17. Nh4 g5 18. Nf3 Kg7 19. Rfe1 Bf5 20. h4 Kg6 21. hxg5 hxg5 22. Nd2 Rf8 23. Bf3 Rh8 24. e4 dxe4 25. Ndxe4 Bb4 26. a3 Ba5 27. Nd6 Bb6 28. Nxf5 Kxf5 29. Bxg4+ Kxg4 30. Kg2 Rae8 31. Rad1 Kf5 32. d5 Rxe1 33. Rxe1 Rd8 34. dxc6 bxc6 35. Re2 g4 36. Rc2 Rd4 37. Ne2 Rd6 38. Nf4 Rd1 39. b4 Ra1 40. Rxc6 Rxa3 41. Nd5 1-0

[Event "Scarborough CC Jack Frost"]
[Site "Toronto CAN"]
[Date "2011.02.10"]
[Round "6"]
[White "Picana, Andrew"]
[Black "Ferreira, Alex"]
[Result "1-0"]
[WhiteElo "2206"]
[BlackElo "2084"]
[PlyCount "127"]
[GameId "2160767909821351"]
[EventDate "2011.01.06"]
[EventType "swiss"]
[EventRounds "7"]
[EventCountry "CAN"]

1. c4 e5 2. Nc3 Nf6 3. Nf3 Nc6 4. d4 exd4 5. Nxd4 Bb4 6. e3 Bxc3+ 7. bxc3 O-O 8. Be2 d6 9. O-O Re8 10. Rb1 Ne4 11. Bb2 Be6 12. f3 Nc5 13. Ba3 Na5 14. Nxe6 Nxe6 15. Re1 b6 16. Bf1 Qf6 17. Qd5 Rab8 18. Bb4 Nb7 19. Qd2 Nbc5 20. Rbd1 Rbd8 21. Qc2 Qg6 22. e4 h5 23. Kh1 h4 24. Qf2 Qf6 25. Rd5 g6 26. e5 dxe5 27. Rdxe5 Nd3 28. Bxd3 Rxd3 29. Ba3 h3 30. Bc1 hxg2+ 31. Kxg2 Red8 32. Qg3 Rd2+ 33. Bxd2 Rxd2+ 34. Kf1 Rxa2 35. R1e4 Rc2 36. f4 Ng7 37. Re2 Rc1+ 38. Re1 Rxe1+ 39. Kxe1 a5 40. c5 b5 41. Qg5 Qc6 42. Qd8+ Kh7 43. Qd5 Qxd5 44. Rxd5 Ne6 45. c6 b4 46. cxb4 axb4 47. f5 gxf5 48. Rxf5 Kg6 49. Rd5 Kf6 50. Kd2 Nf4 51. Rd4 Ke5 52. Rd7 Ne6 53. Rxf7 Kd5 54. Rf6 Nd4 55. h4 Ke5 56. Rf7 Ke6 57. Rf8 Nxc6 58. h5 Ke7 59. Rf4 Ne5 60. Rxb4 Kf6 61. Ke3 Nf7 62. Kf4 Kg7 63. Rb5 Kf6 64. Rc5 1-0

[Event "Scarborough CC Jack Frost"]
[Site "Toronto CAN"]
[Date "2011.02.10"]
[Round "6"]
[White "Wiebe, Daniel"]
[Black "Bzikot, Robert"]
[Result "0-1"]
[WhiteElo "1926"]
[BlackElo "2008"]
[PlyCount "100"]
[GameId "2160767909821353"]
[EventDate "2011.01.06"]
[EventType "swiss"]
[EventRounds "7"]
[EventCountry "CAN"]

1. e4 d6 2. d4 Nf6 3. Nc3 g6 4. h3 Bg7 5. Be3 c6 6. Qd2 b5 7. a3 a6 8. Bh6 O-O 9. Bxg7 Kxg7 10. f4 Nbd7 11. Nf3 c5 12. Bd3 cxd4 13. Nxd4 Qb6 14. Qf2 Bb7 15. f5 Rac8 16. h4 Ng4 17. Qg1 b4 18. Na4 Qa5 19. axb4 Qxb4+ 20. c3 Qa5 21. h5 Qe5 22. hxg6 hxg6 23. Nf3 Qg3+ 24. Ke2 Rh8 25. Qd4+ f6 26. Rhg1 gxf5 27. Raf1 fxe4 28. Bxe4 Bxe4 29. Qxe4 Nge5 30. Nd4 Qg4+ 31. Qxg4+ Nxg4 32. Kd2 Nge5 33. b3 Kf7 34. Nb2 Nc5 35. Rf4 d5 36. Rc1 Rh2 37. Rg1 Ne4+ 38. Rxe4 dxe4 39. c4 Rg8 40. Ke3 Rgxg2 41. Rxg2 Rxg2 42. Na4 Nf3 43. Kxe4 Nxd4 44. Kxd4 Ra2 45. c5 Ke6 46. Nc3 Ra1 47. b4 Re1 48. Ne4 f5 49. Ng5+ Kd7 50. Nf3 Re4+ 0-1

[Event "Scarborough CC Jack Frost"]
[Site "Toronto CAN"]
[Date "2011.02.17"]
[Round "7"]
[White "Al Ganabi, Haqi"]
[Black "Sharpe, Sam"]
[Result "1-0"]
[WhiteElo "1972"]
[BlackElo "1943"]
[PlyCount "55"]
[GameId "2160767909821354"]
[EventDate "2011.01.06"]
[EventType "swiss"]
[EventRounds "7"]
[EventCountry "CAN"]

1. e4 e6 2. d4 d5 3. Nc3 Nf6 4. Bg5 dxe4 5. Bxf6 gxf6 6. Nxe4 Bd7 7. d5 e5 8. Qh5 f5 9. O-O-O Bg7 10. Ng5 Qf6 11. Bc4 Qg6 12. Qxg6 fxg6 13. Kb1 h6 14. Ne6 Bxe6 15. dxe6 c6 16. Nf3 b5 17. Bb3 a5 18. a4 bxa4 19. Bc4 Ke7 20. Nh4 Kf6 21. Rd6 Kg5 22. g3 Bf6 23. Nf3+ Kg4 24. Be2 Kh3 25. Ng1+ Kg2 26. Bf3+ Kxf2 27. Rd3 e4 28. Nh3# 1-0

[Event "Scarborough CC Jack Frost"]
[Site "Toronto CAN"]
[Date "2011.02.17"]
[Round "7"]
[White "Ferreira, Alex"]
[Black "Casareno, Erwin"]
[Result "0-1"]
[WhiteElo "2084"]
[BlackElo "2136"]
[PlyCount "112"]
[GameId "2160767909821355"]
[EventDate "2011.01.06"]
[EventType "swiss"]
[EventRounds "7"]
[EventCountry "CAN"]

1. d4 Nf6 2. Bg5 Ne4 3. Bf4 d5 4. c4 dxc4 5. f3 Nd6 6. e4 b5 7. a4 c6 8. Nc3 Qb6 9. g4 e6 10. d5 cxd5 11. axb5 d4 12. Na4 Qxb5 13. Qxd4 Nc6 14. Qc5 Qxc5 15. Nxc5 e5 16. Bg3 Rb8 17. O-O-O Rb5 18. Na4 Be7 19. h4 Ra5 20. Nc3 Nd4 21. Kb1 f6 22. Be1 Rc5 23. Nce2 Nc6 24. Nc3 Be6 25. Bf2 Ra5 26. Nge2 Kf7 27. Ng3 g6 28. h5 Rb8 29. Nd5 Bxd5 30. hxg6+ Kxg6 31. Rxd5 c3 32. Rxa5 Rxb2+ 33. Kc1 Nxa5 34. Be3 Nb3+ 35. Kd1 c2+ 36. Ke1 c1=Q+ 37. Bxc1 Nxc1 38. Nf5 Nxf5 39. gxf5+ Kg5 40. Kd1 Nb3 41. Rxh7 Bc5 42. Bc4 Nd4 43. Rc7 Bb4 44. Bf7 Rb1+ 45. Rc1 Rxc1+ 46. Kxc1 Nxf3 47. Kc2 Kf4 48. Kd3 Ng5 49. Bd5 a5 50. Bc6 Kf3 51. Ba4 Nh3 52. Bd1+ Kf4 53. Bc2 Nf2+ 54. Kc4 Nxe4 55. Kd5 Ng5 56. Bd3 e4 0-1

[Event "Scarborough CC Jack Frost"]
[Site "Toronto CAN"]
[Date "2011.02.17"]
[Round "7"]
[White "Pedersen, Rune"]
[Black "Nasirov, Ilyas"]
[Result "1/2-1/2"]
[WhiteElo "2311"]
[BlackElo "2095"]
[PlyCount "78"]
[GameId "2160767909821356"]
[EventDate "2011.01.06"]
[EventType "swiss"]
[EventRounds "7"]
[EventCountry "CAN"]

1. e4 e6 2. d4 d5 3. Nc3 dxe4 4. Nxe4 Nd7 5. Nf3 Ngf6 6. Nxf6+ Nxf6 7. Bd3 Be7 8. Qe2 c5 9. dxc5 Bxc5 10. Bg5 Bd7 11. Ne5 Bc6 12. Nxc6 bxc6 13. O-O Qc7 14. Rad1 Be7 15. Bh4 O-O 16. Bg3 Qb6 17. Be5 Rfd8 18. c4 Nd7 19. Bg3 Bf6 20. b3 a5 21. Bd6 g6 22. Be4 Rac8 23. Qf3 Kg7 24. a3 Ne5 25. Qg3 Nd7 26. b4 axb4 27. axb4 c5 28. b5 Bd4 29. h4 Re8 30. Bc6 Rxc6 31. bxc6 Qxc6 32. Bf4 e5 33. Bc1 Nf6 34. Be3 Qe6 35. Rfe1 Qxc4 36. Bxd4 exd4 37. Rxe8 Nxe8 38. Qe5+ Nf6 39. h5 Qc2 1/2-1/2

[Event "Scarborough CC Jack Frost"]
[Site "Toronto CAN"]
[Date "2011.02.17"]
[Round "7"]
[White "Southam, David"]
[Black "Krupka, David"]
[Result "0-1"]
[WhiteElo "2083"]
[BlackElo "1981"]
[PlyCount "71"]
[GameId "2160767909829550"]
[EventDate "2011.01.06"]
[EventType "swiss"]
[EventRounds "7"]
[EventCountry "CAN"]

1. d4 d5 2. c4 e5 3. dxe5 d4 4. e4 Nc6 5. f4 g5 6. Bd3 Bb4+ 7. Kf1 gxf4 8. a3 Bf8 9. Bxf4 Be6 10. Nd2 Nge7 11. Ndf3 Ng6 12. Bg3 h5 13. h3 h4 14. Bh2 Qd7 15. b4 Bg7 16. b5 Ncxe5 17. Nxe5 Bxe5 18. Nf3 Bxh2 19. Rxh2 Qd6 20. Qd2 Ne5 21. Nxe5 Qxe5 22. Kg1 O-O-O 23. Rf1 Rdg8 24. Qf4 Qc5 25. Kh1 Qxa3 26. Rf3 Rg3 27. Be2 Qa1+ 28. Rf1 Qc3 29. Bg4 Qxc4 30. Rc1 Rc3 31. Rd1 d3 32. Bxe6+ Qxe6 33. Qd2 Qc4 34. e5 Rc2 35. Qg5 d2 36. g4 0-1

[Event "Scarborough CC Jack Frost U1700"]
[Site "Toronto CAN"]
[Date "2011.01.06"]
[Round "1"]
[White "Aghamalian, Derick"]
[Black "Karpik, Steve"]
[Result "1-0"]
[WhiteElo "1449"]
[BlackElo "1595"]
[PlyCount "99"]
[GameId "2160767909829551"]
[EventDate "2011.01.06"]
[EventType "swiss"]
[EventRounds "7"]
[EventCountry "CAN"]

1. e4 d6 2. d4 Nf6 3. Nc3 g6 4. Nf3 Bg7 5. Be2 O-O 6. Bf4 Nbd7 7. Qd2 Re8 8. O-O c5 9. d5 a6 10. a4 Ng4 11. h3 Nge5 12. Bxe5 Nxe5 13. Nxe5 Bxe5 14. f4 Bd4+ 15. Kh1 Qa5 16. Ra2 e5 17. Nb1 Qxd2 18. Nxd2 exf4 19. Bd3 Kg7 20. Nc4 Be5 21. Nxe5 dxe5 22. c4 a5 23. Ra3 Rd8 24. Rf2 Rd6 25. Bc2 Raa6 26. Rd3 Rab6 27. b3 f5 28. Rc3 Rf6 29. Kg1 fxe4 30. Bxe4 Bf5 31. Re2 Rbd6 32. Kf1 g5 33. Ke1 h5 34. Bxf5 Rxf5 35. Re4 g4 36. hxg4 hxg4 37. Kf2 Kf6 38. g3 f3 39. Rxg4 Rd7 40. Rxf3 Re7 41. Re4 Rxf3+ 42. Kxf3 Kf5 43. g4+ Kf6 44. Re2 Kg5 45. Ke4 Kxg4 46. Rd2 Kg5 47. d6 Rd7 48. Kxe5 Kg6 49. Ke6 Rd8 50. Ke7 1-0

[Event "Scarborough CC Jack Frost U1700"]
[Site "Toronto CAN"]
[Date "2011.01.06"]
[Round "1"]
[White "Aghamalian, Leonid"]
[Black "Super, Russell"]
[Result "1/2-1/2"]
[WhiteElo "1442"]
[BlackElo "1463"]
[PlyCount "54"]
[GameId "2160767909829552"]
[EventDate "2011.01.06"]
[EventType "swiss"]
[EventRounds "7"]
[EventCountry "CAN"]

1. d4 Nf6 2. c4 d5 3. Nc3 g6 4. Bg5 dxc4 5. e4 Bg7 6. Bxc4 c6 7. Nf3 O-O 8. O-O Nbd7 9. e5 Ne8 10. Qd2 Nb6 11. Bb3 Nc7 12. Bh6 Be6 13. Bc2 Ncd5 14. Bxg7 Kxg7 15. Ng5 Qd7 16. Nce4 Qc8 17. Nc5 Rb8 18. Ncxe6+ fxe6 19. Qd3 Nb4 20. Qh3 Rh8 21. Nxe6+ Kf7 22. Bb3 N4d5 23. Ng5+ Kg7 24. Qxc8 Rbxc8 25. Ne6+ Kf7 26. Nf4 Rhd8 27. Nxd5 Nxd5 1/2-1/2

[Event "Scarborough CC Jack Frost U1700"]
[Site "Toronto CAN"]
[Date "2011.01.06"]
[Round "1"]
[White "Azizi, Hamid"]
[Black "Roy, Lawrence"]
[Result "0-1"]
[WhiteElo "1432"]
[BlackElo "967"]
[PlyCount "103"]
[GameId "2160767909829553"]
[EventDate "2011.01.06"]
[EventType "swiss"]
[EventRounds "7"]
[EventCountry "CAN"]

1. e4 e5 2. Nf3 Nf6 3. d3 Nc6 4. g3 d5 5. Nbd2 dxe4 6. dxe4 g6 7. Bd3 Bg4 8. c3 Qxd3 9. Qe2 Qxe2+ 10. Kxe2 Bxf3+ 11. Kxf3 O-O-O 12. Re1 Bh6 13. Re2 Bxd2 14. Bxd2 h6 15. h3 g5 16. g4 Rhg8 17. Rg1 Rg6 18. Bc1 b6 19. Re3 h5 20. gxh5 Nxh5 21. Kg4 Nf6+ 22. Kf5 Ne7+ 23. Kxe5 Rh8 24. Rxg5 Rxg5+ 25. Kxf6 Rg1 26. Bd2 Ng8+ 27. Kxf7 Nh6+ 28. Ke6 Rg6+ 29. Ke5 Re8+ 30. Kf4 Rf8+ 31. Ke5 Rxf2 32. Rd3 Nf7+ 33. Kd4 Rd6+ 34. Ke3 Rxd3+ 35. Kxd3 Rf3+ 36. Kd4 Rxh3 37. a4 c5+ 38. Kc4 Ne5+ 39. Kd5 Rh5 40. Ke6 Nf3 41. Bf4 Rh4 42. Kf5 Rh2 43. e5 Nh4+ 44. Kg5 Ng2 45. e6 Nxf4 46. Kxf4 Kd8 47. Ke5 Ke7 48. Kd5 Rh5+ 49. Kc6 Kxe6 50. Kb7 a5 51. Kxb6 c4 52. Ka6 0-1

[Event "Scarborough CC Jack Frost U1700"]
[Site "Toronto CAN"]
[Date "2011.01.06"]
[Round "1"]
[White "Cui, Gordon"]
[Black "Farhang, Arvin"]
[Result "0-1"]
[WhiteElo "1355"]
[BlackElo "1593"]
[PlyCount "36"]
[GameId "2160767909829554"]
[EventDate "2011.01.06"]
[EventType "swiss"]
[EventRounds "7"]
[EventCountry "CAN"]

1. e4 c5 2. Nf3 e6 3. d4 cxd4 4. Nxd4 Nf6 5. Nc3 Nc6 6. a3 d5 7. Bg5 dxe4 8. Bb5 Bd6 9. Nxc6 bxc6 10. Bc4 Qa5 11. Bd2 Qf5 12. Qe2 a5 13. O-O Ba6 14. b4 axb4 15. axb4 O-O 16. b5 Qe5 17. Rfb1 Qxh2+ 18. Kf1 Qh1# 0-1

[Event "Scarborough CC Jack Frost U1700"]
[Site "Toronto CAN"]
[Date "2011.01.06"]
[Round "1"]
[White "Dattani, Dinesh"]
[Black "Stroempl, Hedi"]
[Result "1-0"]
[WhiteElo "1457"]
[BlackElo "1128"]
[PlyCount "21"]
[GameId "2160767909829555"]
[EventDate "2011.01.06"]
[EventType "swiss"]
[EventRounds "7"]
[EventCountry "CAN"]

1. e4 e5 2. Nf3 Nc6 3. Bb5 Nf6 4. O-O Nxe4 5. Re1 f5 6. d3 Nd6 7. Bxc6 dxc6 8. Rxe5+ Be7 9. Bg5 Nf7 10. Rxe7+ Kf8 11. Rxf7+ 1-0

[Event "Scarborough CC Jack Frost U1700"]
[Site "Toronto CAN"]
[Date "2011.01.06"]
[Round "1"]
[White "Gillis, Doug"]
[Black "Al Ganabi, Yasir"]
[Result "1-0"]
[WhiteElo "1594"]
[BlackElo "1348"]
[PlyCount "90"]
[GameId "2160767909829556"]
[EventDate "2011.01.06"]
[EventType "swiss"]
[EventRounds "7"]
[EventCountry "CAN"]

1. d4 d5 2. Nc3 Nf6 3. Bg5 Nc6 4. Bxf6 exf6 5. e3 Bb4 6. Bb5 Qd6 7. Nge2 Bxc3+ 8. Nxc3 O-O 9. Qf3 Rd8 10. a3 Be6 11. Bd3 a6 12. Qh5 g6 13. Qh6 Re8 14. h4 Qf8 15. Qf4 Re7 16. Qxf6 Qg7 17. Qxg7+ Kxg7 18. Ne2 Na5 19. Nf4 Rd8 20. Nxe6+ Rxe6 21. O-O-O Nc4 22. e4 b5 23. e5 Rc8 24. h5 c5 25. Be2 cxd4 26. Bg4 f5 27. exf6+ Kxf6 28. hxg6 hxg6 29. Bxe6 Kxe6 30. Rhe1+ Kf5 31. Rxd4 Rc5 32. b4 Rc6 33. Rxd5+ Kf6 34. Rc5 Rd6 35. a4 Nb6 36. axb5 axb5 37. Rxb5 Na4 38. Ra5 Nc3 39. b5 Rd5 40. Ra6+ Kf5 41. b6 Rb5 42. Ra3 Nd5 43. Rd1 Nxb6 44. Rb3 Rxb3 45. cxb3 Nc8 1-0

[Event "Scarborough CC Jack Frost U1700"]
[Site "Toronto CAN"]
[Date "2011.01.06"]
[Round "1"]
[White "Kurkowski, Ken"]
[Black "Pishdad, Hassan"]
[Result "1/2-1/2"]
[WhiteElo "1519"]
[BlackElo "1189"]
[PlyCount "107"]
[GameId "2160767909829557"]
[EventDate "2011.01.06"]
[EventType "swiss"]
[EventRounds "7"]
[EventCountry "CAN"]

1. d4 Nf6 2. Nf3 e6 3. e3 d5 4. Bd3 Nc6 5. O-O Be7 6. b3 O-O 7. Bb2 b6 8. Nbd2 Nb4 9. Ne5 Nxd3 10. Nxd3 a5 11. a4 Ba6 12. Nf3 Bd6 13. Nfe5 Qe8 14. Re1 Bb7 15. Rc1 Nd7 16. c4 f6 17. Nxd7 Qxd7 18. c5 Be7 19. Qc2 Ba6 20. Ba3 Qc6 21. Bb2 b5 22. axb5 Qxb5 23. Nf4 Qc6 24. e4 Qd7 25. exd5 exd5 26. Qd2 c6 27. Ne6 Rfe8 28. Qxa5 Bd8 29. Nxd8 Rexd8 30. Qc3 Re8 31. Re3 Rxe3 32. Qxe3 Re8 33. Qg3 Qe7 34. Bc3 Qd7 35. Qd6 Qc8 36. Re1 Rxe1+ 37. Bxe1 Bb5 38. Ba5 h6 39. Qd8+ Qxd8 40. Bxd8 Kf7 41. f3 Ke8 42. Ba5 g6 43. Kf2 Kd7 44. Ke3 Ke6 45. Be1 Kf5 46. g4+ Ke6 47. h4 g5 48. hxg5 hxg5 49. f4 gxf4+ 50. Kxf4 Bd3 51. Bh4 Be4 52. b4 Bd3 53. Bg3 Bc4 54. Bh4 1/2-1/2

[Event "Scarborough CC Jack Frost U1700"]
[Site "Toronto CAN"]
[Date "2011.01.06"]
[Round "1"]
[White "Lin, Benjamin"]
[Black "Rodriguez, Sergio"]
[Result "0-1"]
[WhiteElo "1060"]
[BlackElo "1042"]
[PlyCount "222"]
[GameId "2160767909829558"]
[EventDate "2011.01.06"]
[EventType "swiss"]
[EventRounds "7"]
[EventCountry "CAN"]

1. c4 e5 2. Nc3 Nc6 3. d3 Bb4 4. Bd2 Bxc3 5. Bxc3 Nf6 6. e4 d6 7. Be2 O-O 8. Nf3 h6 9. O-O b6 10. Bd2 Nd4 11. Nxd4 exd4 12. f4 Re8 13. Bf3 Bb7 14. Re1 Qd7 15. Qe2 Re7 16. Qf2 b5 17. Qxd4 c5 18. Qf2 bxc4 19. d4 Bxe4 20. dxc5 Rae8 21. cxd6 Qxd6 22. Bc3 Qxf4 23. Bxf6 Qxf6 24. Bxe4 Qxf2+ 25. Kxf2 Rxe4 26. Rxe4 Rxe4 27. Rd1 Re7 28. Rd4 Rc7 29. Kf3 g5 30. g4 Kg7 31. Kg3 Kg6 32. h3 a5 33. Rd5 c3 34. Rd6+ f6 35. Rd1 cxb2 36. Rb1 Rc2 37. Kf3 a4 38. a3 f5 39. gxf5+ Kxf5 40. Kg3 Rc3+ 41. Kg2 Rb3 42. Kh2 g4 43. hxg4+ Kxg4 44. Rg1+ Kh4 45. Rb1 h5 46. Kg2 Kg4 47. Kh2 h4 48. Kg2 h3+ 49. Kh2 Rb6 50. Kg1 Kg3 51. Kh1 Rb3 52. Kg1 h2+ 53. Kh1 Rb7 54. Rxb2 Re7 55. Rg2+ Kf3 56. Kxh2 Rh7+ 57. Kg1 Rc7 58. Rf2+ Ke3 59. Rg2 Rc1+ 60. Kh2 Ra1 61. Rg3+ Kd2 62. Rg2+ Kc3 63. Rg3+ Kb2 64. Rg2+ Kxa3 65. Rg3+ Kb4 66. Rg4+ Kb5 67. Rg5+ Kc6 68. Rg6+ Kd7 69. Rg7+ Ke8 70. Rg3 a3 71. Re3+ Kd7 72. Rd3+ Kc6 73. Rc3+ Kb5 74. Rb3+ Kc4 75. Rb8 Ra2+ 76. Kh3 Rf2 77. Rc8+ Kb3 78. Rb8+ Ka2 79. Kg3 Rb2 80. Rh8 Rb3+ 81. Kf2 Ka1 82. Rh1+ Rb1 83. Rh8 Rb2+ 84. Ke1 a2 85. Rc8 Kb1 86. Kd1 a1=Q 87. Rc1+ Ka2 88. Rxa1+ Kxa1 89. Kc1 Rb8 90. Kc2 Ka2 91. Kd3 Rc8 92. Kd4 Kb3 93. Kd3 Rd8+ 94. Ke4 Kc4 95. Ke3 Rd7 96. Ke4 Re7+ 97. Kf5 Kd4 98. Kf4 Rf7+ 99. Kg3 Ke4 100. Kg2 Ke3 101. Kg1 Ke2 102. Kg2 Rg7+ 103. Kh3 Kf2 104. Kh4 Kf3 105. Kh5 Kf4 106. Kh6 Rg1 107. Kh5 Rg2 108. Kh6 Kf5 109. Kh7 Kf6 110. Kh8 Kf7 111. Kh7 Rh2# 0-1

[Event "Scarborough CC Jack Frost U1700"]
[Site "Toronto CAN"]
[Date "2011.01.06"]
[Round "1"]
[White "Patel, Saiyam"]
[Black "Graham, John"]
[Result "0-1"]
[WhiteElo "968"]
[BlackElo "1441"]
[PlyCount "36"]
[GameId "2160767909829559"]
[EventDate "2011.01.06"]
[EventType "swiss"]
[EventRounds "7"]
[EventCountry "CAN"]

1. e3 Nf6 2. Bc4 d5 3. Bb5+ c6 4. Bd3 e5 5. e4 Nxe4 6. h3 Nf6 7. b3 Bd6 8. Ba3 O-O 9. g4 g6 10. g5 Nh5 11. c4 Bxa3 12. Nxa3 Nf4 13. cxd5 Nxd3+ 14. Kf1 Qxd5 15. Nf3 e4 16. Qb1 exf3 17. Kg1 Qxg5+ 18. Kf1 Qg2# 0-1